000 00912cam a22001935a 4500
001 L156009
008 120424s1820 xxk f 000 0 eng d
035 _a(Sirsi) u156009
041 0 _aeng
100 1 _aNesbit, Anthony
_d1778-1859
245 0 2 _aA complete treatise on practical land-surveying, in seven parts
_cA. Nesbit. The whole illustrated by two hundred and fifty practical examples, one hundred and sixty wood cuts, twelve copperplates, and an engraven field-book of sixteen pages
250 _aSecond edition, greatly enlarged by numerous additions and improvements
260 _aYork
_bPrinted by T. Wilson and Sons for Longman, Hurst, Rees, Orme, and Brown, London
_c1820
300 _axix, 392, 16 p., 12 leaves of plates (some folded)
_bill.
_c22 cm.
583 _aCondition reviewed
_c20120620
_lcondition level 3
651 4 _aGreat Britain
_y1707-
690 _aMeasurement
_96256
942 _n0
999 _c113975
_d113975